| 000 | 00833nam a2200181 i 4500 | ||
|---|---|---|---|
| 001 | 152959 | ||
| 003 | ES-MaACL | ||
| 005 | 20230906204941.0 | ||
| 008 | 931025s1887 sp e |||| | spa d | ||
| 100 | 1 |
_aCano y de León, Manuel. _934580 |
|
| 245 | 1 | 0 |
_aNoticias sobre las obras del Canal de Panamá _b: extracto de la obra El Canal Interoceánico / _cescrita por Manuel Cano y de León y Guillermo Brockmann y Abarzuza. |
| 260 |
_aMadrid : _b[s.n.], _c1887 ( _fImp. del Memorial de Ingenieros) |
||
| 300 |
_aVII, 170 p., [1] h. de plan. pleg. ; _c26 cm. |
||
| 651 | 4 |
_aCanal de Panamá. _97941 |
|
| 700 | 1 |
_aBrockmann y Abarzuza, Guillermo. _931843 |
|
| 852 |
_aES-MaACL _jT-460-F-11 _z-- Enc. hol., falto de la enc. original _z-- Ded. de los autores al Ateneo de Madrid _q-- Enc. en un vol. facticio |
||
| 852 |
_aES-MaACL _jG-9966 |
||
| 999 |
_c152959 _d152959 |
||